000 00594nam a2200205 a 4500
005 20210223123819.0
008 991125n 000 0 spa u
035 _aUPN01000069144
100 _aFOLLARI, Roberto A.
_935106
222 _aREVISTA DE LA EDUCACION SUPERIOR
245 _aConsideraciones críticas acerca de la epistemología de la psicología social
300 _a31-50
362 _a1982 Vol. 11, no. 3(43), jul.-sep.
653 0 _aCOMPORTAMIENTO
653 0 _aMOTIVACION
653 0 _aTESTS
653 0 _aPSICOLOGIA SOCIAL
904 _aAC
_b006955
905 _aArticulo
999 _c64834
_d64834